Statistics for The Americas Cities A-Z

Click here to take the quiz!

General Stats

  • This quiz has been taken 71 times
  • The average score is 17 of 26

Answer Stats

HintCity% Correct
NWhere Jazz originatedNew Orleans
97%
PPacific entrance of a major canalPanama City
97%
ECapital of AlbertaEdmonton
93%
ACapital city on the border
with Argentina
Asunción
93%
D"High Mile City"Denver
91%
JCapital of AlaskaJuneau
91%
ICity with a "500-Mile Race"Indianapolis
87%
FBiggest city in California that
doesn't start with "Los" or "San"
Fresno
84%
LCapital that has world's
highest elevation
La Paz
81%
MMost populous city on the AmazonManaus
79%
CCapital of the Incan EmpireCusco
78%
HCamila Cabello songHavana
75%
RArgentina's second biggest cityRosario
72%
GEcuador's main portGuayaquil
70%
KBiggest city in Saint VincentKingstown
60%
BShakira's home townBarranquilla
58%
YMajor city north of New York CityYonkers
58%
QFounded by Samuel de ChamplainQuebec City
55%
TWorld's most murderous city
per-capita
Tijuana
54%
SOldest city founded by Europeans
in the New World
Santo
Domingo
52%
WCapital of the Yukon TerritoryWhitehorse
52%
VHome to the Chilean CongressValparaíso
51%
OHome of the University of MississippiOxford
42%
UCity in Illinois joined at the hip
to Champaign
Urbana
30%
XCapital of Veracruz, MexicoXalapa
22%
ZNamesake of a Mexican stateZacatecas
19%

Score Distribution

Percentile by Number Answered

Percent of People with Each Score

Your Score History

You have not taken this quiz